000 00560nam a2200205 a 4500
001 750
003 CO-ViMGA
008 141112s2004 ck r 000 u spa d
040 _aCO-ViMGA
_bspa
_cCO-ViMGA
082 0 4 _a591.5 F417
100 1 _aFiasson, Raymond
_948619
245 1 0 _aEl hombre contra el animal
260 _aBarcelona :
_bOikos - tau,
_c1971
300 _a124 p
490 _aQue se?, 50
650 1 4 _aANIMALES - CONSERVACION
650 1 4 _aANIMALES EN EXTINCION
_948621
650 1 4 _aCONSERVACION DE LA VIDA SILVESTRE
_93989
942 _2ddc
_cBK
999 _c12987
_d12987